000 01070nam a2200241 a 4500
001 000144353
003 AM-YEHGA
005 20250617122952.0
008 990915s1971 lv ||||gr|||||||||0|rus|d
040 _aAM-YeHGA
041 0 _arus
245 0 0 _aПалинологические исследования в Прибалтике /
_cМ-во геологии СССР (ВНИИМОРГЕО), Ин-т геологии (Вильнюс) ; Ин-т геологии АН ЭССР ; Под ред. Т.Д. Бартош.
246 3 5 _aPalynological researches in the Baltic soviet republics
260 _aРига :
_bЗинатне,
_c1971.
300 _a158 с.
500 _aК 3-ей Международной палинологической конференции. Новосибирск, СССР, 1971
650 1 4 _aПалинология
700 1 _aБартош, Т.Д.
_eред.
_4edt
710 2 _aИнститут геологии (Вильнюс).
710 2 _aИнститут геологии АН ЭССР
942 _2udc
_cBK
090 _c49460
999 _c48699
_d48699